Statistics for Fast Typing - Varna

Click here to take the quiz!

General Stats

  • This quiz has been taken 70 times
  • The average score is 11 of 15

Answer Stats

#Varna% Correct
1Varna
100%
2Varna
100%
3Varna
95%
4Varna
93%
5Varna
93%
6Varna
90%
7Varna
88%
8Varna
83%
9Varna
75%
10Varna
68%
11Varna
63%
12Varna
60%
13Varna
53%
14Varna
45%
15Varna
38%

Score Distribution

Percentile by Number Answered

Percent of People with Each Score

Your Score History

You have not taken this quiz